Anales y rutinas de Madrid (Record no. 149268)

MARC details
000 -LEADER
campo de control de longitud fija 00517nam a2200169 i 4500
001 - NÚMERO DE CONTROL
campo de control 149268
003 - IDENTIFICADOR DE NÚMERO DE CONTROL
campo de control ES-MaACL
005 - FECHA Y HORA DE LA ÚLTIMA TRANSACCIÓN
campo de control 20250911063555.0
007 - CAMPO FIJO DE DESCRIPCIÓN FÍSICA--INFORMACIÓN GENERAL
campo de control de longitud fija t|
008 - DATOS DE LONGITUD FIJA--INFORMACIÓN GENERAL
campo de control de longitud fija 071019s1919 sp |||| | spa d
100 1# - ENTRADA PRINCIPAL--NOMBRE DE PERSONA
Nombre de persona Velasco Zazo, Antonio,
Fechas asociadas al nombre 1884-1969
9 (RLIN) 113782
245 10 - MENCIÓN DEL TÍTULO
Título Anales y rutinas de Madrid
Resto del título : (artículos de otro tiempo) /
Mención de responsabilidad, etc. Antonio Velasco Zazo.
260 ## - PUBLICACIÓN, DISTRIBUCIÓN, ETC.
Lugar de publicación, distribución, etc. Madrid :
Nombre del editor, distribuidor, etc. [s.n.],
Fecha de publicación, distribución, etc. 1919 (
Fabricante J. Palacios)
300 ## - DESCRIPCIÓN FÍSICA
Extensión 167 p. ;
Dimensiones 19 cm.
852 ## - LOCALIZACIÓN
Ubicación ES-MaACL
Número de control de estantería G-468
Holdings
Estatus retirado Estado de pérdida Estado de daño No para préstamo Biblioteca de origen Biblioteca actual Ubicación en estantería Fecha de adquisición Fuente de adquisición Total de préstamos Signatura topográfica completa Código de barras Visto por última vez Precio de reemplazo Tipo de ítem Koha
        Biblioteca del Ateneo de Madrid Biblioteca del Ateneo de Madrid Depósito 2 17/01/2008     G-468 1155764 23/02/2023 23/02/2023 Libro impreso